Rompiendo el silencio: diez años de nuevo cine Centroamericano (2001-2010) = Breaking the silence : ten years of American Film (2001-2010) /
Se analizan las causas del incremento en la cantidad de filmes que se hicieron en Centroamérica en una década (2001-2010). Se consideran los posibles factores sociales que contribuyeron al cine contemporáneo; además de ello, se señalan los temas más comunes elegidos por los cineastas centroamericano...
Uloženo v:
| Hlavní autor: | |
|---|---|
| Korporativní autor: | |
| Médium: | Konferenční příspěvek |
| Témata: | |
| Tagy: |
Přidat tag
Žádné tagy, Buďte první, kdo vytvoří štítek k tomuto záznamu!
|
MARC
| LEADER | 00000 a a2200000 04500 | ||
|---|---|---|---|
| 001 | 43420 | ||
| 003 | |||
| 040 | |||
| 100 | |a Durón, Hispano | ||
| 245 | |a Rompiendo el silencio: diez años de nuevo cine Centroamericano (2001-2010) = |b Breaking the silence : ten years of American Film (2001-2010) / |c Hispano Durón | ||
| 500 | |a hduron@ku.edu | ||
| 520 | 4 | |a Se analizan las causas del incremento en la cantidad de filmes que se hicieron en Centroamérica en una década (2001-2010). Se consideran los posibles factores sociales que contribuyeron al cine contemporáneo; además de ello, se señalan los temas más comunes elegidos por los cineastas centroamericanos. Se explora la dinámica de la producción cinematográfica y la formación de identidad a través del cine en América Central. Se incluye un examen de la representación de Centroamérica en películas de Hollywood y de la contra-propuesta de esa representación que han hecho los cineastas centroamericanos. Se identifican algunos factores involucrados en el crecimiento de la producción cinematográfica y se finaliza con un análisis que demuestra que la revisión de la historia es uno de los temas más comunes en las películas del cine centroamericano. | |
| 590 | |a KSR/AGOSTO2012 | ||
| 650 | |a 1 |a .CINE |a 2.INDUSTRIA CINEMATOGRAFICA |a 3.AMERICA CENTRAL |a 4.IDENTIDAD |a 5.SIMPOSIO | ||
| 711 | |a Simposio Los muchos contextos de Espacio | ||
| 711 | |d 2011 marzo 21-23 : | ||
| 711 | |c (Universidad de Costa Rica) | ||
| 773 | |g volumen91, número1 ( , 2012), páginas 247-253 . gráficos | ||
| 999 | |c 28741 |d 28741 | ||
